Laboratory handbook of chromatographic and allied methods (Record no. 32052)

MARC details
000 -LEADER
fixed length control field 00302nam a2200109Ia 4500
082 ## - DEWEY DECIMAL CLASSIFICATION NUMBER
Classification number 543.54
Item number MIK
245 #0 - TITLE STATEMENT
Title Laboratory handbook of chromatographic and allied methods
260 ## - PUBLICATION, DISTRIBUTION, ETC. (IMPRINT)
Place of publication Chichester
Name of publisher Ellis Horwood
Year of publication 1979
700 ## - ADDED ENTRY--PERSONAL NAME
Personal name Mikes, O
942 ## - ADDED ENTRY ELEMENTS (KOHA)
Koha item type Books
Holdings
Withdrawn status Lost status Damaged status Not for loan Home library Current library Date acquired Cost, normal purchase price Full call number Accession Number Koha item type
        RRII Library RRII Library 16/12/2021 89.50 543.54 MIK 12578 Books